| 000 | 00970nam0a22002651 4500 | ||
|---|---|---|---|
| 001 | rc\2778332 | ||
| 005 | 20250806205414.0 | ||
| 035 | _a(NLR Aleph) 006904586 | ||
| 090 |
_a32992 _c32992 |
||
| 100 | _a20110915d1942 u y0rusy50 ca | ||
| 101 | 0 | _arus | |
| 102 | _aRU | ||
| 105 | _ay z ||||| | ||
| 200 | 1 |
_aИнструкция о порядке ведения делопроизводства и оформления дел в народных судах _fНар. ком. юстиции Союза ССР |
|
| 210 |
_aМосква _cЮрид. изд-во НКЮ Союза ССР _d1942 |
||
| 215 |
_a20 с. _d13 см. |
||
| 300 | _aБез тит. л. Описано по обл. | ||
| 710 | 0 | 1 |
_aСССР _bНародный ком. юстиции |
| 801 | 0 |
_aRU _bNLR _gpsbo |
|
| 801 | 1 |
_aRU _bELAR _2rusmarc |
|
| 852 |
_aNLR _jП10 Г-2/35 |
||
| 942 | _cBOOK | ||
| 945 | _aРоссийская национальная библиотека | ||
| 980 | _aNB | ||
| 980 | _aBV | ||